Enciclopedia de energía, tecnología. Tecnología del petróleo : volumen 2

Bibliographic Details
Main Author: Considine, Douglas M.
Format: Section = Libro
Language:Undetermined
Spanish
Published: México Marcombo 1988
Subjects:
LEADER 00716nam a2200229Ia 4500
008 240829s9999 xx 000 0 und d
020 |a 968-861-004-6 
040 |a BIBLIOTECA-RUSB/ Ref 531.6 C755 
041 |a spa 
082 |a Ref 531.6 C755 
100 1 |a Considine, Douglas M. 
245 1 0 |a Enciclopedia de energía, tecnología. Tecnología del petróleo : volumen 2 
260 |a México  |b Marcombo  |c 1988 
300 |a 394 p. :il. 
650 7 |a ENERGÍA-TECNOLOGÍA 
650 7 |b  TECNOLOGÍA DEL PETRÓLEO 
650 7 |c  PRODUCCIÓN Y RESERVAS-PETRÓLEO 
650 7 |d  PERFORACIÓN Y EXTRACCIÓN-PETRÓLEO 
650 7 |e  REFINERÍAS DE PETRÓLEO 
942 |c BK  |2 ddc 
991 |a TEXTO 
999 |c 6020